000 00245nam a2200097Ia 4500
008 200302s9999 xx 000 0 und d
100 _aNan Greacen N. A.
245 _aStill Life is Exciting
260 _bWalter T. Foster Publication
300 _a38 P.,
999 _c576
_d576